Statistics for Literary Terms - J

Click here to take the quiz!

General Stats

  • This quiz has been taken 8 times
  • The average score is 4 of 12

Answer Stats

HintAnswer% Correct
Technical vocabuary which sounds like a 'secret language' to non-specialistsJargon
86%
A paper, periodical or magazine, often of a academic natureJournal
86%
The period of King James I (1603-25)Jacobean
71%
Poetry which is recited to the accompaniment of music by artists such as Steve Allen, Miles Davis and Herbie HancockJazz Poetry
57%
A form of nonsense; untelligible speech of writingJabberwocky
43%
A verse with a catchy rhythm, empathic rhyme and alliterationJingle
29%
In the style of manner of Samuel Johnson (1709-84). That is, characterized by grand, lapidary language, balanced phrases, sentences and periods, etc..Johnsonian
14%
Physical or intellectual pleasure, delight, or ecstasyJouissance
14%
A manner of non-fiction writing which uses ready-made phrases and formulas, and which breeds its own clichés in abundanceJournalese
14%
Works done in one's youthJuvenilia
14%
A tale of woe; a sustained complaint; a prolonged railing against the world, the times, the estate of man and God.Jeremiad
0%
An epigram, witticism or brief flight of fancy, urbanely expressed. Master of wit Oscar Wilde was particularly adept at thesejeu d'esprit
0%

Score Distribution

Percentile by Number Answered

Percent of People with Each Score

Your Score History

You have not taken this quiz